[Event "Madrid-ch 2020-2021 - Semifinal"]
[Site "Madrid ESP"]
[Date "2021.05.12"]
[Round "8.9"]
[White "Fernandez Rosado, Roberto"]
[Black "Centeno Mendoza, Julio Stefano"]
[Result "1-0"]
[WhiteElo "2029"]
[BlackElo "2012"]
[PlyCount "143"]
[EventDate "2021.05.05"]
[EventType "swiss"]
[EventRounds "9"]
[EventCountry "ESP"]
[SourceTitle "Ajedrez en Madrid"]
[Source "lmi"]
[SourceDate "2021.05.06"]
[SourceVersion "1"]
[SourceVersionDate "2021.05.15"]
[SourceQuality "1"]

1. e4 Nf6 2. e5 Nd5 3. d4 d6 4. Nf3 Nc6 5. Be2 Bg4 6. exd6 exd6 7. c4 Nb6 8.
Nc3 Be7 9. b3 Bf6 10. Be3 O-O 11. h3 Bf5 12. Qd2 Re8 13. O-O h6 14. Rac1 d5 15.
c5 Nc8 16. Rfe1 N8e7 17. Nh2 Bg6 18. Ng4 Bg5 19. Bxg5 hxg5 20. Bb5 f6 21. f4
gxf4 22. Qxf4 a6 23. Bf1 Qd7 24. Ne3 Kf8 25. g4 Be4 26. Rcd1 Rad8 27. Nxe4 dxe4
28. d5 Ne5 29. Qxe4 N7g6 30. Bg2 Nh4 31. Qf4 Neg6 32. Qf2 Nxg2 33. Nxg2 Ne5 34.
Nf4 Kg8 35. Ne6 Rxe6 36. dxe6 Qxd1 37. Rxd1 Rxd1+ 38. Kg2 Kf8 39. c6 Nxc6 40.
Qc5+ Rd6 41. g5 fxg5 42. Qf5+ Kg8 43. Qf7+ Kh7 44. e7 Rd2+ 45. Kf1 Nxe7 46.
Qxe7 Rxa2 47. Qxc7 b5 48. Qe5 Kh6 49. b4 Ra4 50. Ke2 a5 51. Qxb5 Rxb4 52. Qxa5
Rf4 53. Qe5 Rf6 54. Qe8 Rf4 55. Ke3 Rf6 56. Qh8+ Kg6 57. h4 gxh4 58. Qxh4 Kf7
59. Qh5+ Kg8 60. Ke4 Kf8 61. Qd5 Ke7 62. Qg8 g6 63. Qh7+ Kd6 64. Qh2+ Ke7 65.
Qc7+ Kf8 66. Qh7 Ra6 67. Kf4 Ke8 68. Qb7 Rd6 69. Ke5 Rd7 70. Qc6 Ke7 71. Qf6+
Ke8 72. Ke6 1-0

[Event "Madrid-ch 2020-2021 - Semifinal"]
[Site "Madrid ESP"]
[Date "2021.05.12"]
[Round "8.10"]
[White "Bustos Bernardo, Samuel"]
[Black "Perez Diez, Victor"]
[Result "1-0"]
[WhiteElo "2213"]
[BlackElo "2000"]
[PlyCount "59"]
[EventDate "2021.05.05"]
[EventType "swiss"]
[EventRounds "9"]
[EventCountry "ESP"]
[SourceTitle "Ajedrez en Madrid"]
[Source "lmi"]
[SourceDate "2021.05.06"]
[SourceVersion "1"]
[SourceVersionDate "2021.05.15"]
[SourceQuality "1"]

1. Nf3 d5 2. d4 Nf6 3. c4 c6 4. Nc3 e6 5. Bg5 h6 6. Bh4 dxc4 7. e4 g5 8. Bg3 b5
9. Be2 Bb7 10. h4 g4 11. Ne5 Nbd7 12. Qc2 Rg8 13. O-O Nxe5 14. Bxe5 Nh5 15. d5
Qxh4 16. g3 Qg5 17. Bd4 e5 18. Be3 Qg6 19. a4 a6 20. dxc6 Qxc6 21. axb5 axb5
22. Rxa8+ Bxa8 23. Nxb5 Qxb5 24. Bxc4 Qc6 25. Qb3 Qb7 26. Qa4+ Ke7 27. Bd5 Qxb2
28. Qxa8 Kf6 29. Qc6+ Kg7 30. Qxh6# 1-0

[Event "Madrid-ch 2020-2021 - Semifinal"]
[Site "Madrid ESP"]
[Date "2021.05.12"]
[Round "8.11"]
[White "Perez Gonzalez, Daniel"]
[Black "Rodriguez Avila, Alvaro"]
[Result "1-0"]
[WhiteElo "2056"]
[BlackElo "1966"]
[PlyCount "83"]
[EventDate "2021.05.05"]
[EventType "swiss"]
[EventRounds "9"]
[EventCountry "ESP"]
[SourceTitle "Ajedrez en Madrid"]
[Source "lmi"]
[SourceDate "2021.05.06"]
[SourceVersion "1"]
[SourceVersionDate "2021.05.15"]
[SourceQuality "1"]

1. d4 Nf6 2. Bf4 e6 3. Nc3 d5 4. e3 c5 5. Nf3 Nc6 6. Nb5 Be7 7. Nc7+ Kf8 8.
Nxa8 Bd7 9. Nc7 Nh5 10. Nb5 Nxf4 11. exf4 a6 12. Nc3 Qb6 13. Bd3 c4 14. Be2
Qxb2 15. Na4 Qa3 16. Nc5 Bc8 17. O-O b6 18. Nd3 cxd3 19. Qxd3 Qd6 20. Ne5 Nd8
21. Qb3 f6 22. Nf3 Qxf4 23. Qxb6 g5 24. Rae1 g4 25. g3 Qh6 26. Nh4 f5 27. Ng2
Nf7 28. Qc7 Nd6 29. Nf4 Qf6 30. c4 h5 31. c5 Ne4 32. Qxc8+ Kf7 33. Qxe6+ Qxe6
34. Nxe6 Kxe6 35. Bxa6 Ra8 36. Bd3 Rxa2 37. Ra1 Rd2 38. Bxe4 dxe4 39. Rfd1
Rxd1+ 40. Rxd1 Kd5 41. Rc1 Kc6 42. d5+ 1-0

[Event "Madrid-ch 2020-2021 - Semifinal"]
[Site "Madrid ESP"]
[Date "2021.05.12"]
[Round "8.12"]
[White "Demerson Joly, Javier"]
[Black "Pablos Tenrero, Raquel"]
[Result "1-0"]
[WhiteElo "1959"]
[BlackElo "2049"]
[PlyCount "71"]
[EventDate "2021.05.05"]
[EventType "swiss"]
[EventRounds "9"]
[EventCountry "ESP"]
[SourceTitle "Ajedrez en Madrid"]
[Source "lmi"]
[SourceDate "2021.05.06"]
[SourceVersion "1"]
[SourceVersionDate "2021.05.15"]
[SourceQuality "1"]

1. c4 e5 2. Nc3 Nf6 3. Nf3 Nc6 4. a3 a5 5. e4 Bc5 6. Nxe5 Bxf2+ 7. Kxf2 Nxe5 8.
d4 Nfg4+ 9. Kg1 Qf6 10. Qe2 Nd3 11. Be3 Nxe3 12. Qxe3 Nf4 13. g3 Ng6 14. Nb5
Qd8 15. c5 O-O 16. h4 d6 17. cxd6 cxd6 18. h5 Ne7 19. h6 g6 20. Bc4 Be6 21. d5
Bd7 22. Qd4 f6 23. Rf1 Nc8 24. Rf2 Bxb5 25. Bxb5 Qb6 26. Qd3 Ne7 27. Bd7 g5 28.
Be6+ Kh8 29. Kg2 Ng6 30. Rc1 Ne5 31. Qf1 Qd8 32. Rfc2 Qe8 33. Bf5 Qh5 34. Rc7
Nf7 35. Rxb7 Nxh6 36. Rxh7+ 1-0

[Event "Madrid-ch 2020-2021 - Semifinal"]
[Site "Madrid ESP"]
[Date "2021.05.13"]
[Round "9.1"]
[White "Martinez Fernandez, Raul"]
[Black "Rottenwohrer Suarez, Juan"]
[Result "1-0"]
[WhiteElo "2141"]
[BlackElo "2196"]
[PlyCount "99"]
[EventDate "2021.05.05"]
[EventType "swiss"]
[EventRounds "9"]
[EventCountry "ESP"]
[SourceTitle "Ajedrez en Madrid"]
[Source "lmi"]
[SourceDate "2021.05.06"]
[SourceVersion "1"]
[SourceVersionDate "2021.05.15"]
[SourceQuality "1"]

1. e4 c5 2. Nf3 g6 3. c3 Bg7 4. d4 cxd4 5. cxd4 d5 6. e5 a6 7. h3 Nc6 8. Nc3 f6
9. Bf4 fxe5 10. dxe5 e6 11. Bd3 Nh6 12. h4 O-O 13. Bxh6 Bxh6 14. h5 Kg7 15. Qc2
d4 16. Ne2 Nxe5 17. hxg6 hxg6 18. Rxh6 Nxf3+ 19. gxf3 Qa5+ 20. b4 Qxb4+ 21. Kf1
Kxh6 22. Qc7 e5 23. Kg2 Bh3+ 24. Kxh3 Rae8 25. Kg2 Qe7 26. Rh1+ Kg7 27. Qc1 Rh8
28. Rg1 Rc8 29. Qb1 Rc6 30. Kf1 Rh6 31. Be4 Rd6 32. Ng3 Kf8 33. Kg2 Qd7 34. Rc1
b5 35. Qb4 Kg7 36. Qa5 Qh3+ 37. Kg1 Qh2+ 38. Kf1 Qh3+ 39. Ke2 Qe6 40. Rc7+ Kg8
41. Ra7 Rh7 42. Ra8+ Kg7 43. Qc7+ Kh6 44. Qc1+ Kg7 45. Nf5+ gxf5 46. Qg5+ Qg6
47. Ra7+ Kg8 48. Bd5+ Kf8 49. Ra8+ Qe8 50. Qg8+ 1-0

[Event "Madrid-ch 2020-2021 - Semifinal"]
[Site "Madrid ESP"]
[Date "2021.05.13"]
[Round "9.2"]
[White "Quevedo Marin, Manuel"]
[Black "Ortega Ruiz, Jose Miguel"]
[Result "1/2-1/2"]
[WhiteElo "2201"]
[BlackElo "2253"]
[PlyCount "59"]
[EventDate "2021.05.05"]
[EventType "swiss"]
[EventRounds "9"]
[EventCountry "ESP"]
[SourceTitle "Ajedrez en Madrid"]
[Source "lmi"]
[SourceDate "2021.05.06"]
[SourceVersion "1"]
[SourceVersionDate "2021.05.15"]
[SourceQuality "1"]

1. d4 Nf6 2. c4 g6 3. Nc3 Bg7 4. e4 d6 5. Nge2 e5 6. d5 Nh5 7. Be3 f5 8. f3
Qh4+ 9. g3 Qf6 10. Bg2 O-O 11. Qd2 f4 12. Bf2 fxg3 13. hxg3 Bg4 14. Ng1 Bd7 15.
O-O-O a5 16. Nge2 Na6 17. Rh4 Qe7 18. Rdh1 Bf6 19. Rxh5 gxh5 20. Rxh5 Rf7 21.
Be3 Rg7 22. Kb1 Be8 23. Rh2 Bg5 24. f4 Bf6 25. Bh3 Bd7 26. Bxd7 Qxd7 27. f5 Qe7
28. Rh5 Kh8 29. Nd1 b6 30. Nf2 1/2-1/2

[Event "Madrid-ch 2020-2021 - Semifinal"]
[Site "Madrid ESP"]
[Date "2021.05.13"]
[Round "9.3"]
[White "Hernandez Ramos, David"]
[Black "Rey Martinez, Jaime"]
[Result "1-0"]
[WhiteElo "2101"]
[BlackElo "1992"]
[PlyCount "79"]
[EventDate "2021.05.05"]
[EventType "swiss"]
[EventRounds "9"]
[EventCountry "ESP"]
[SourceTitle "Ajedrez en Madrid"]
[Source "lmi"]
[SourceDate "2021.05.06"]
[SourceVersion "1"]
[SourceVersionDate "2021.05.15"]
[SourceQuality "1"]

1. c4 c5 2. Nf3 Nc6 3. g3 e5 4. d3 g6 5. Bg2 Bg7 6. Nc3 d6 7. O-O Bf5 8. Rb1
Qd7 9. Ng5 Nge7 10. a3 h6 11. Nge4 Be6 12. b4 f5 13. Nd2 e4 14. Nd5 exd3 15.
exd3 Bxd5 16. cxd5 Nd4 17. Nb3 Nb5 18. Bb2 Bxb2 19. Rxb2 cxb4 20. axb4 O-O 21.
Re1 f4 22. Re6 Nc7 23. Bh3 Qd8 24. Re4 Ncxd5 25. Nd4 Nc3 26. Qb3+ Ned5 27. Be6+
Kh7 28. Bxd5 Nxe4 29. Ne6 Qb6 30. Nxf8+ Rxf8 31. Bxe4 Qd4 32. Qe6 Rf6 33. Qe7+
Kg8 34. Rc2 Rf7 35. Qe6 Qa1+ 36. Kg2 f3+ 37. Bxf3 Kg7 38. Be4 Qd4 39. Qxg6+ Kf8
40. Rc8+ 1-0

[Event "Madrid-ch 2020-2021 - Semifinal"]
[Site "Madrid ESP"]
[Date "2021.05.13"]
[Round "9.4"]
[White "Martinez-Conde Hernandez, Carlos"]
[Black "Mkrtchyan, Levon"]
[Result "1-0"]
[WhiteElo "2104"]
[BlackElo "2230"]
[PlyCount "55"]
[EventDate "2021.05.05"]
[EventType "swiss"]
[EventRounds "9"]
[EventCountry "ESP"]
[SourceTitle "Ajedrez en Madrid"]
[Source "lmi"]
[SourceDate "2021.05.06"]
[SourceVersion "1"]
[SourceVersionDate "2021.05.15"]
[SourceQuality "1"]

1. e4 e6 2. d4 d5 3. e5 c5 4. c3 Nc6 5. Nf3 Nh6 6. Bxh6 gxh6 7. Bb5 Qb6 8. Qe2
Bd7 9. O-O Bg7 10. Bxc6 bxc6 11. dxc5 Qxc5 12. b4 Qb6 13. a3 O-O 14. Nbd2 c5
15. Rfb1 cxb4 16. Rxb4 Qc7 17. Qe3 f6 18. exf6 Rxf6 19. Rab1 Bc6 20. Ne5 Rf5
21. Ng4 e5 22. Nxh6+ Bxh6 23. Qxh6 Raf8 24. Rg4+ Kh8 25. Nf3 d4 26. Nh4 R5f6
27. Ng6+ Rxg6 28. Qxf8+ 1-0

[Event "Madrid-ch 2020-2021 - Semifinal"]
[Site "Madrid ESP"]
[Date "2021.05.13"]
[Round "9.5"]
[White "Huerto Moreno, Jorge"]
[Black "De La Puerta Cresis, Javier"]
[Result "0-1"]
[WhiteElo "1837"]
[BlackElo "2169"]
[PlyCount "100"]
[EventDate "2021.05.05"]
[EventType "swiss"]
[EventRounds "9"]
[EventCountry "ESP"]
[SourceTitle "Ajedrez en Madrid"]
[Source "lmi"]
[SourceDate "2021.05.06"]
[SourceVersion "1"]
[SourceVersionDate "2021.05.15"]
[SourceQuality "1"]

1. e4 c5 2. b3 g6 3. Bb2 Nf6 4. e5 Nd5 5. d4 cxd4 6. Qxd4 Nc7 7. Bc4 Bg7 8. Nf3
O-O 9. Na3 d5 10. O-O-O Nc6 11. Qc5 Be6 12. h4 Qc8 13. Be2 h5 14. Nb5 Na6 15.
Qe3 Ncb4 16. Nc3 Nc6 17. Bxa6 bxa6 18. Nxd5 a5 19. Ng5 a4 20. Qc5 Bxd5 21. Rxd5
axb3 22. axb3 a5 23. f4 Qf5 24. Qf2 a4 25. Rc5 Nb4 26. e6 Bxb2+ 27. Kxb2 Qf6+
28. Ka3 Nd3 29. exf7+ Qxf7 30. Nxf7 axb3+ 31. Kxb3 Nxf2 32. Nh6+ Kg7 33. Rf1
Ne4 34. Rd5 Kxh6 35. c4 Rfc8 36. Rd4 Rab8+ 37. Kc2 Nd6 38. Kd3 Rb3+ 39. Kc2 Rg3
40. Re1 Rxg2+ 41. Kb3 Rb8+ 42. Ka3 Rc2 43. f5 Nxc4+ 44. Rxc4 Rxc4 45. Re6 Rc3+
46. Ka2 Rg3 47. Rxe7 gxf5 48. Ra7 f4 49. Ra6+ Rg6 50. Ra4 f3 0-1

[Event "Madrid-ch 2020-2021 - Semifinal"]
[Site "Madrid ESP"]
[Date "2021.05.13"]
[Round "9.6"]
[White "Cabañas Bravo, Juan Andres"]
[Black "Pindado Campos, Raul"]
[Result "1-0"]
[WhiteElo "1948"]
[BlackElo "2152"]
[PlyCount "139"]
[EventDate "2021.05.05"]
[EventType "swiss"]
[EventRounds "9"]
[EventCountry "ESP"]
[SourceTitle "Ajedrez en Madrid"]
[Source "lmi"]
[SourceDate "2021.05.06"]
[SourceVersion "1"]
[SourceVersionDate "2021.05.15"]
[SourceQuality "1"]

1. e4 c5 2. Nf3 e6 3. d4 cxd4 4. Nxd4 a6 5. Nc3 Qc7 6. g3 Nf6 7. Bg2 Bb4 8. Bd2
Nc6 9. Nb3 O-O 10. O-O b5 11. f4 d5 12. exd5 exd5 13. Nxd5 Nxd5 14. Bxd5 Bxd2
15. Nxd2 Bb7 16. c3 Rad8 17. Bg2 Qb6+ 18. Rf2 Rd7 19. Qc2 Rfd8 20. Nf3 h6 21.
Re1 a5 22. Kf1 Ba6 23. b3 Re7 24. Rfe2 Rxe2 25. Rxe2 Bb7 26. Qf5 Bc8 27. Qe4
Bb7 28. Qe3 Qc7 29. Qc5 Qc8 30. Nh4 b4 31. Nf5 Qd7 32. Bxc6 Qd1+ 33. Kf2 Bxc6
34. Ne7+ Kh8 35. Nxc6 Rc8 36. Qf5 Rf8 37. Qxa5 Qh1 38. Nxb4 Qxh2+ 39. Ke1 Qxg3+
40. Kd1 Qxc3 41. Rc2 Qa1+ 42. Kd2 Qd4+ 43. Nd3 Rd8 44. Qf5 g6 45. Qe5+ Qxe5 46.
fxe5 g5 47. Ke3 Kh7 48. Ke4 Kg6 49. Rf2 h5 50. Rf6+ Kg7 51. Rd6 Rh8 52. Kf5 g4
53. Nf4 g3 54. Rd3 h4 55. Kg4 Ra8 56. a4 Ra5 57. Re3 f6 58. exf6+ Kxf6 59. Kxh4
Rf5 60. Kxg3 Rg5+ 61. Kf3 Kf5 62. Nd3 Rg1 63. Re1 Rg8 64. a5 Rd8 65. Re3 Rb8
66. b4 Rh8 67. b5 Rh3+ 68. Ke2 Rh2+ 69. Nf2 Kf4 70. a6 1-0

[Event "Madrid-ch 2020-2021 - Semifinal"]
[Site "Madrid ESP"]
[Date "2021.05.13"]
[Round "9.7"]
[White "Bravo De La Vega, Alvaro"]
[Black "Fernandez Rosado, Roberto"]
[Result "1/2-1/2"]
[WhiteElo "1936"]
[BlackElo "2029"]
[PlyCount "130"]
[EventDate "2021.05.05"]
[EventType "swiss"]
[EventRounds "9"]
[EventCountry "ESP"]
[SourceTitle "Ajedrez en Madrid"]
[Source "lmi"]
[SourceDate "2021.05.06"]
[SourceVersion "1"]
[SourceVersionDate "2021.05.15"]
[SourceQuality "1"]

1. e4 e5 2. Nf3 Nc6 3. Bb5 a6 4. Ba4 Nf6 5. O-O b5 6. Bb3 Be7 7. Re1 d6 8. c3
O-O 9. h3 Na5 10. Bc2 c5 11. d4 Qc7 12. Nbd2 cxd4 13. cxd4 Nc6 14. d5 Nb4 15.
Bb1 a5 16. Nf1 Rd8 17. Be3 Bd7 18. a3 Na6 19. Bd3 Qb7 20. Qd2 Nc7 21. b3 Nce8
22. Ng3 g6 23. Nh2 Ng7 24. Bg5 Re8 25. Bxf6 Bxf6 26. Ng4 Bxg4 27. hxg4 Bh4 28.
Nf1 f6 29. Nh2 Bg5 30. Qe2 Rab8 31. Nf3 Qb6 32. Nxg5 fxg5 33. Rac1 b4 34. Rc6
Qd4 35. a4 Rbd8 36. Bb5 Rf8 37. Rd1 Qa7 38. Qe3 Qe7 39. Rdc1 h5 40. Rc7 Qf6 41.
Rb7 Rc8 42. Rxc8 Rxc8 43. Bc6 hxg4 44. Ra7 Nh5 45. Rxa5 Qd8 46. Ra7 g3 47. fxg3
Qf6 48. Ra8 Rxa8 49. Bxa8 Qd8 50. Bc6 Kg7 51. Qa7+ Kh6 52. a5 Nxg3 53. Qe3 Qxa5
54. Qxg3 Qa1+ 55. Kh2 Qd4 56. Qf3 Qc3 57. Qf8+ Kh5 58. Bd7 g4 59. Qf6 Qe1 60.
g3 Qe2+ 61. Kg1 Qe1+ 62. Qf1 Qxg3+ 63. Qg2 Qe1+ 64. Kh2 Qh4+ 65. Kg1 Qe1+
1/2-1/2

[Event "Madrid-ch 2020-2021 - Semifinal"]
[Site "Madrid ESP"]
[Date "2021.05.13"]
[Round "9.8"]
[White "Rojas Pozo, Jose Luis"]
[Black "Elissalt Cardenas, Hector"]
[Result "0-1"]
[WhiteElo "1875"]
[BlackElo "2281"]
[PlyCount "72"]
[EventDate "2021.05.05"]
[EventType "swiss"]
[EventRounds "9"]
[EventCountry "ESP"]
[SourceTitle "Ajedrez en Madrid"]
[Source "lmi"]
[SourceDate "2021.05.06"]
[SourceVersion "1"]
[SourceVersionDate "2021.05.15"]
[SourceQuality "1"]

1. d4 e6 2. c4 f5 3. Nf3 Nf6 4. g3 g6 5. Bg2 Bg7 6. Nc3 d6 7. Qc2 O-O 8. O-O
Nc6 9. d5 Nb4 10. Qa4 Na6 11. dxe6 Nc5 12. Qc2 Bxe6 13. b3 a5 14. Bb2 c6 15.
Rad1 Qe7 16. Ne1 a4 17. Nd3 axb3 18. axb3 Nce4 19. f3 Nxc3 20. Bxc3 Rfd8 21. e3
Bf7 22. Rfe1 d5 23. c5 Nd7 24. Bxg7 Kxg7 25. Qb2+ Qf6 26. Qxf6+ Nxf6 27. Nf4
Ra3 28. Rd3 Rda8 29. Ne2 Nd7 30. Rc3 Ra2 31. Nd4 Rd2 32. Re2 Rd1+ 33. Bf1 Raa1
34. Rf2 Nf8 35. Kg2 Ne6 36. Nxe6+ Bxe6 0-1

[Event "Madrid-ch 2020-2021 - Semifinal"]
[Site "Madrid ESP"]
[Date "2021.05.13"]
[Round "9.9"]
[White "Garcia Fernandez, Jesus"]
[Black "Bustos Bernardo, Samuel"]
[Result "1/2-1/2"]
[WhiteElo "1803"]
[BlackElo "2213"]
[PlyCount "149"]
[EventDate "2021.05.05"]
[EventType "swiss"]
[EventRounds "9"]
[EventCountry "ESP"]
[SourceTitle "Ajedrez en Madrid"]
[Source "lmi"]
[SourceDate "2021.05.06"]
[SourceVersion "1"]
[SourceVersionDate "2021.05.15"]
[SourceQuality "1"]

1. d4 Nf6 2. Bf4 d5 3. e3 c5 4. c3 Nc6 5. Nd2 Bf5 6. Ngf3 Qb6 7. Nh4 Bd7 8. Qb3
c4 9. Qc2 Nh5 10. Bg3 g6 11. Be2 Nxg3 12. hxg3 Bg7 13. O-O O-O 14. e4 e6 15. e5
f6 16. exf6 Bxf6 17. Bg4 Rae8 18. Nhf3 Qc7 19. Rad1 b5 20. a3 a5 21. Rfe1 Kg7
22. Bh3 h5 23. Nh4 Bxh4 24. gxh4 e5 25. Bxd7 Qxd7 26. Nf3 e4 27. Ne5 Nxe5 28.
dxe5 Qf7 29. Re2 Rxe5 30. a4 Qb7 31. axb5 Qxb5 32. Ra1 Ra8 33. Qa4 Qb7 34. f3
Qb6+ 35. Kh1 Qf6 36. Qd7+ Kh6 37. Qh3 e3 38. Qg3 Qe7 39. Rae1 Re8 40. Ra1 Qc5
41. Qf4+ Kg7 42. Qd4 Qxd4 43. cxd4 R5e7 44. Rxa5 Rd7 45. g3 Rb8 46. Kg2 Rb3 47.
f4 Rd3 48. Kf3 Rxd4 49. Rxe3 Rd2 50. Re2 Rd3+ 51. Re3 Rxe3+ 52. Kxe3 d4+ 53.
Kd2 Rb7 54. Kc2 Kf6 55. Rc5 d3+ 56. Kc3 Rd7 57. Kd2 Rd4 58. Re5 Kf7 59. Re3 Kg7
60. Re7+ Kf6 61. Re5 Rd7 62. Rc5 Rb7 63. Rxc4 Rxb2+ 64. Kxd3 Rb3+ 65. Ke4 Rxg3
66. Rc6+ Kg7 67. f5 Rg4+ 68. Ke5 gxf5 69. Kxf5 Rxh4 70. Kg5 Rh1 71. Rc7+ Kg8
72. Rc4 Kf7 73. Rh4 Rg1+ 74. Kxh5 Kf6 75. Rf4+ 1/2-1/2

[Event "Madrid-ch 2020-2021 - Semifinal"]
[Site "Madrid ESP"]
[Date "2021.05.13"]
[Round "9.10"]
[White "Perez Gonzalez, Daniel"]
[Black "Vukotic Jovsic, Dragan"]
[Result "1-0"]
[WhiteElo "2056"]
[BlackElo "1859"]
[PlyCount "130"]
[EventDate "2021.05.05"]
[EventType "swiss"]
[EventRounds "9"]
[EventCountry "ESP"]
[SourceTitle "Ajedrez en Madrid"]
[Source "lmi"]
[SourceDate "2021.05.06"]
[SourceVersion "1"]
[SourceVersionDate "2021.05.15"]
[SourceQuality "1"]

1. d4 e6 2. e4 d5 3. Bd3 dxe4 4. Bxe4 Nf6 5. Bf3 c5 6. Ne2 Qc7 7. Be3 Bd7 8.
Nbc3 Bc6 9. Bf4 Bd6 10. Bxc6+ Qxc6 11. O-O Bxf4 12. Nxf4 cxd4 13. Qxd4 Nbd7 14.
Rad1 O-O 15. Nd3 a6 16. Rfe1 Rac8 17. Re3 Qc4 18. Ne1 Qxd4 19. Rxd4 Nb6 20.
Red3 Nc4 21. Nd1 e5 22. Rh4 e4 23. Rb3 Rfd8 24. Nc3 b5 25. Rb4 Nxb2 26. Nxb5
Rd1 27. Kf1 Rxc2 28. Na3 Rxe1+ 29. Kxe1 Nd3+ 30. Kd1 Nxb4 31. Nxc2 Nxa2 32. Rh3
Nd5 33. Ra3 Nac3+ 34. Ke1 f5 35. Rxa6 Kf7 36. Nd4 f4 37. Rc6 Na4 38. Nf5 Nb4
39. Rc7+ Kg6 40. Nxg7 Nd5 41. Ra7 Nc5 42. Ne8 h5 43. Nd6 e3 44. fxe3 Nxe3 45.
Kf2 Nd3+ 46. Kf3 Ne1+ 47. Kxf4 N3xg2+ 48. Kg3 Ne3 49. Kf2 N1c2 50. h4 Ng4+ 51.
Kg3 Nce3 52. Ra5 Nf6 53. Ra6 Nf5+ 54. Kf4 Nd5+ 55. Ke5 Nb4 56. Ra8 Nxh4 57.
Rg8+ Kh7 58. Rg3 Ng6+ 59. Kf6 Nd5+ 60. Kg5 Ndf4 61. Ra3 Kg7 62. Ra7+ Kg8 63.
Kf6 Kh8 64. Nf7+ Kg8 65. Ng5 Nf8 1-0

[Event "Madrid-ch 2020-2021 - Semifinal"]
[Site "Madrid ESP"]
[Date "2021.05.13"]
[Round "9.12"]
[White "Centeno Mendoza, Julio Stefano"]
[Black "Perez Diez, Victor"]
[Result "1/2-1/2"]
[WhiteElo "2012"]
[BlackElo "2000"]
[PlyCount "149"]
[EventDate "2021.05.05"]
[EventType "swiss"]
[EventRounds "9"]
[EventCountry "ESP"]
[SourceTitle "Ajedrez en Madrid"]
[Source "lmi"]
[SourceDate "2021.05.06"]
[SourceVersion "1"]
[SourceVersionDate "2021.05.15"]
[SourceQuality "1"]

1. e4 c5 2. d4 cxd4 3. c3 d5 4. exd5 Nf6 5. Bb5+ Bd7 6. Bc4 b5 7. Bb3 dxc3 8.
Nxc3 g6 9. Nf3 Bg7 10. O-O O-O 11. Re1 a5 12. a3 Na6 13. Be3 Rc8 14. Qe2 b4 15.
axb4 Nxb4 16. Ne5 Nfxd5 17. Nxd5 Nxd5 18. Nxf7 Rxf7 19. Bxd5 e6 20. Bc4 Qf6 21.
Rab1 Bc6 22. Rbd1 Bd5 23. Bxd5 exd5 24. Rxd5 Qxb2 25. Qa6 Re8 26. Red1 a4 27.
Qc4 Qb3 28. Qc6 Rfe7 29. R5d3 Qb4 30. h3 a3 31. Qd5+ Kh8 32. Kh2 Qb2 33. Bd4
Bxd4 34. Qxd4+ Qxd4 35. Rxd4 Ra7 36. R4d2 Rb8 37. Kg3 Rb2 38. Rd8+ Kg7 39.
R8d7+ Rxd7 40. Rxd7+ Kh6 41. Ra7 a2 42. h4 g5 43. hxg5+ Kxg5 44. f4+ Kf5 45.
Ra5+ Ke4 46. Ra3 Rb3+ 47. Rxb3 a1=Q 48. Rb4+ Kf5 49. Rb5+ Ke4 50. Rb4+ Ke3 51.
Rb3+ Ke2 52. Rf3 Qg7+ 53. Kh2 Qh6+ 54. Kg1 Qh4 55. f5 Qd4+ 56. Kh2 Qf6 57. Kg1
Qd4+ 58. Kh2 Qh4+ 59. Kg1 Qf6 60. Kh2 h6 61. Kg1 Qd4+ 62. Kh2 Qh4+ 63. Kg1 Qf6
64. Kh2 h5 65. Kg1 Qd4+ 66. Kh2 Qe5+ 67. Kg1 Qf6 68. Kh1 h4 69. Kh2 Qe5+ 70.
Kh3 Qf6 71. Kh2 Qe5+ 72. Kh3 Qa1 73. Kh2 Qe5+ 74. Kh3 Qf6 75. Kh2 1/2-1/2

[Event "Madrid-ch 2020-2021 - Semifinal"]
[Site "Madrid ESP"]
[Date "2021.05.13"]
[Round "9.13"]
[White "Pablos Tenrero, Raquel"]
[Black "Tapia Sanchez, Jose Manuel"]
[Result "1-0"]
[WhiteElo "2049"]
[BlackElo "1750"]
[PlyCount "63"]
[EventDate "2021.05.05"]
[EventType "swiss"]
[EventRounds "9"]
[EventCountry "ESP"]
[SourceTitle "Ajedrez en Madrid"]
[Source "lmi"]
[SourceDate "2021.05.06"]
[SourceVersion "1"]
[SourceVersionDate "2021.05.15"]
[SourceQuality "1"]

1. d4 Nf6 2. Nc3 c5 3. d5 e6 4. e4 d6 5. Bf4 e5 6. Be3 a6 7. a4 Be7 8. Bd3 Nbd7
9. Nge2 O-O 10. Ng3 Ne8 11. Qd2 Rb8 12. a5 g6 13. O-O h5 14. f4 h4 15. Nge2
exf4 16. Bxf4 g5 17. Be3 Ne5 18. b3 Ng7 19. Kh1 Ng4 20. Bg1 Bf6 21. Rf3 Be5 22.
Raf1 f6 23. Na4 Bd7 24. Nb6 Be8 25. h3 Nh6 26. Nc4 Bh5 27. Nxe5 dxe5 28. R3f2
b5 29. axb6 Rxb6 30. Nc3 f5 31. exf5 Nhxf5 32. Bxf5 1-0